| 000 | 00553 a2200181 4500 | ||
|---|---|---|---|
| 001 | 135420 | ||
| 020 | _a85-02-05917-3 | ||
| 040 | _cLeonardo Da Vinci | ||
| 041 | _aPortuguês | ||
| 082 |
_a330.981 R754p _bR754p |
||
| 100 | _aROTH, João Luiz | ||
| 245 |
_aPorque não crescemos como os outros países? _bcusto Brasil |
||
| 260 |
_bSaraiva _c2006 _aSão Paulo |
||
| 300 | _a194 | ||
| 362 | _a20060000 | ||
| 697 |
_aCondições econômicas _aBrasil _aDesenvolvimento econômico _aCondições sociais _aPolítica econômica _aCustos _aFIPEN |
||
| 942 | _cBK | ||
| 999 |
_c135420 _d135420 |
||